01330cam a2200445Ma 4500003000900000005001700009008004100026020001800067040003300085082001700118100003900135245006900174250002300243264004200266300005500308336002100363337002500384338002300409504003000432505024100462526001000703526001000713526000900723526000900732526000900741526000900750526000900759526000900768526000800777526000800785526000800793526000800801526000800809526000800817526000800825526000800833650001800841650001400859653001100873PE-LiUPU20250731180054.0130613s2006    ag      o     000 0 spa d  a9789587623772  aPE-LiUPUbspacPE-LiUPUerda 4a530bN842231 aNottoli, Hernán Santiago,eautor10aFísica aplicada a la arquitectura/cHernán Santiago Nottoli.  aPrimera edición.  aBogotá :bEdiciones de la U,c2015.  a331 páginas :bilustraciones ;c21 centímetros  atext2rdacontent  aunmediated2rdamedia  avolume2rdacarrier  aIContiene bibliografía.  aIntroducción general -- Hidroestática -- Hidrodinámica -- Calor -- Acústica -- Electricidad -- Iluminación -- Iluminación artificial -- Iluminación natural -- Uso racional de la energía -- Trabajos prácticos -- Tablas.  aSEG44  aSEG26  aP159  aP155  aP154  aP153  aP150  aP100  aP31  aP30  aP26  aP25  aP24  aP22  aP15  aP10 0aArquitectura. 0aFísica.  aFisica